000 00617nam a2200205 i 4500
001 49561
003 ES-MaACL
007 t|
008 030717s1985 sp ||||1| spa d
020 _a84-253-1677-X
100 1 _aCosta Morata, Pedro.
_941106
245 1 0 _aHacia la destrucción ecológica de España /
_cPedro Costa Morata.
260 _aBarcelona :
_bGrijalbo,
_c1985.
300 _a309 p. ;
_c21 cm.
490 1 _aColección 80. Serie Mayor
504 _aBibliografía: p. 295-309.
830 0 _aColección/80. Serie Mayor
_9227827
852 _aES-MaACL
_jL-8566
_bR.109031
999 _c49561
_d49561